00491nam a2200133Ia 4500008004100000020002200041100004300063245008000106260003900186300004800225500002000273650002100293650004300314200619s9999 xx 000 0 und d a9.7814354814e+012 aLe Cordon Bleu International, Chefs of cChefs of Le Cordon Bleu InternationalaLe Cordon Bleu cuisine foundations / aClifton Park, N.Y. :bDelmarc2011 axii, 530 pagesbColor illustartionsc29 cm. aIncludes index. aCooking, French. aCordon bleu (School : Paris, France)